[Event "Attica-ch U12"]
[Site "Athens"]
[Date "2008.01.06"]
[Round "6"]
[White "Valkanas, Antonios"]
[Black "Tolias, Athanasios"]
[Result "0-1"]
[WhiteElo "1000"]
[BlackElo "1220"]
[PlyCount "42"]
[EventDate "2008.01.02"]
[EventType "swiss"]
[EventRounds "7"]
[EventCountry "GRE"]
[SourceTitle "EXT 2011"]
[Source "ChessBase"]
[SourceDate "2010.11.26"]
[SourceVersion "1"]
[SourceVersionDate "2010.11.26"]
[SourceQuality "1"]

1. e4 c6 2. d4 d5 3. exd5 cxd5 4. Nc3 Nf6 5. Nf3 Bf5 6. Bf4 e6 7. Bb5+ Nbd7 8. Ne5 Bb4 9. Bg5 Qa5 10. Bxd7+ Nxd7 11. Bd2 Nxe5 12. dxe5 Qc7 13. f4 a6 14. a3 Ba5 15. b4 Bb6 16. g4 Bg6 17. Ra2 Ba7 18. h4 h5 19. gxh5 Bxh5 20. Qc1 Qb6 21. Rh2 Qg1# 0-1